Parcours de la France à l'Euro et à la coupe du monde depuis 1978 - Statistiques

Statistiques générales
  • Ce quiz a été pris 184 fois
  • Le résultat moyen est 15 sur 23
Statistiques - réponses
Hint Réponse % Correct
Coupe du monde 2022 Finaliste
91%
Coupe du monde 2006 Finaliste
90%
Coupe du monde 1998 Vainqueur
90%
Euro 2016 Finaliste
89%
Coupe du monde 2018 Vainqueur
89%
Euro 2000 Vainqueur
87%
Coupe du monde 2010 Poules
80%
Coupe du monde 2014 Quart de finale
79%
Coupe du monde 2002 Poules
75%
Euro2020 Huitième de finale
74%
Euro 1984 Vainqueur
70%
Coupe du monde 1982 Demi finale
68%
Coupe du monde 1994 Non qualifiée
64%
Coupe du monde 1986 Demi finale
55%
Euro 2012 Quart de finale
51%
Euro 2004 Quart de finale
50%
Coupe du monde 1990 Non qualifiée
48%
Euro 2008 Poules
47%
Euro 1996 Demi finale
36%
Coupe du monde 1978 Poules
36%
Euro 1980 Non qualifiée
32%
Euro 1988 Non qualifiée
32%
Euro 1992 Poules
29%
Aucun quiz correspondant
Distribution des résultats
% des personnes avec chaque résultat
Percentile par nombre de réponses
Votre historique - résultats
Vous n’avez pas pris ce quiz